NBA Five Best Players All-Time by Position - Statistics

General Stats
  • This quiz has been taken 2,353 times
  • The average score is 23 of 25
Answer Stats
Pos Rank Team Player % Correct
PG 1 Los Angeles Lakers Magic Johnson
99%
2 Los Angeles Lakers Kobe Bryant
98%
SF 1 Cleveland Cavaliers Lebron James
98%
SG 1 Chicago Bulls Michael Jordan
98%
4 Miami Heat Dwyane Wade
96%
PF 1 San Antonio Spurs Tim Duncan
96%
4 Dallas Mavericks Dirk Nowitzki
95%
5 Houston Rockets Hakeem Olajuwon
95%
4 Detroit Pistons Isiah Thomas
95%
3 Utah Jazz John Stockton
95%
3 Milwaukee Bucks Kareem Abdul-Jabbar
95%
2 Boston Celtics Larry Bird
95%
4 Los Angeles Lakers Shaquille O'Neal
95%
2 Philadelphia Warriors Wilt Chamberlain
95%
C 1 Boston Celtics Bill Russell
94%
2 Utah Jazz Karl Malone
94%
3 Minnesota Timberwolves Kevin Garnett
94%
5 Phoenix Suns Steve Nash
94%
3 Philadelphia 76ers Allen Iverson
92%
2 Cincinnati Royals Oscar Robertson
91%
5 Los Angeles Lakers Jerry West
88%
3 Philadelphia 76ers Julius Erving
87%
4 Los Angeles Lakers Elgin Baylor
74%
5 Boston Celtics John Havlicek
69%
5 Philadelphia 76ers Charles Barkley
67%
No matching quizzes found
Score Distribution
Percent of People with Each Score
Percentile by Number Answered
Your Score History
You have not taken this quiz